000 00545nam a22001577a 4500
005 20120411144655.0
020 _c00.00
035 _a565234
037 _aDPL
_bENG
100 _aBogardus, Emory S.
_944964
245 _aThe development of social thought /
_cby Emory S. Bogardus
260 _aBombay
_bVakils, Feffer and Simons Pvt. Ltd.
_c1969
300 _a689p.
_c18 cms.
942 _2ddc
_cEN
_h301
_mBOG
999 _c64869
_d64869